Poradnik dla handlujacych z zagranica. 8.
Právne zásady súčasného poľského colného systému. Colné pokračovanie. Deklarácia colnej hodnoty. Prílohy colnej prihlášky. Svedectvo o pôvode tovaru. Colná faktúra. Hodnota colného tovaru. Colná kontrola a colný dozor.
Salvato in:
| Autore principale: | |
|---|---|
| Altri autori: | |
| Natura: | Capitolo di libro |
| Lingua: | polacco |
| Soggetti: | |
| Tags: |
Nessun Tag, puoi essere il primo ad aggiungerne!!
|
MARC
| LEADER | 00000naa a2200000 4500 | ||
|---|---|---|---|
| 001 | r011075 | ||
| 005 | 20221125123152.8 | ||
| 041 | 0 | |a pol | |
| 044 | |a PL | ||
| 245 | 1 | 0 | |a Poradnik dla handlujacych z zagranica. 8. |c A.C. Denisczuk, H. Simbierowicz |
| 520 | |a Právne zásady súčasného poľského colného systému. Colné pokračovanie. Deklarácia colnej hodnoty. Prílohy colnej prihlášky. Svedectvo o pôvode tovaru. Colná faktúra. Hodnota colného tovaru. Colná kontrola a colný dozor. | ||
| 610 | 2 | 0 | |a PR |
| 610 | 2 | 0 | |a clá |
| 610 | 2 | 0 | |a predpisy právne |
| 610 | 2 | 0 | |a colníctvo |
| 610 | 2 | 0 | |a kontrola |
| 610 | 2 | 0 | |a tovar |
| 610 | 2 | 0 | |a pôvod tovaru |
| 100 | 1 | |a Denisczuk, A.C. | |
| 700 | 1 | |a Simbierowicz, H. | |